000 00596nam a22002292i 4500
999 _c7622
_d7622
001 7622
003 UkOxU
005 20180212131237.0
008 500101s1962 xxk 000 0 eng d
035 _aOCLC ocm30223544 from D950707M
040 _aUKM
_cUKM
_dEQO
041 _aeng
082 _a599. 744428
_218
_bFEN 1962
100 1 _aFenton, Gudenie.
245 1 0 _aSher, lord of the jungle /
_cillustrated by Joan Kiddell-Monroe
260 _aBenn,
_c1962
300 _a96 p. :
_bill. ;
_c22 cm
650 _aanimal biology
700 1 _aFenton, Eugeńie.
942 _2ddc
_cBK